00639nam a2200217Ia 4500003000400000005001700004008004100021020001800062040001800080041000800098082001900106100002000125245007900145250001200224260004700236300003000283650004100313650002500354650002400379700001800403OSt20251023122115.0210716s2002 xx 000 0 und d a9788120320222 cAIMIT LIBRARY aeng a005.758 bNAGA aNagpal, Arvind. aALE EDI and IDOC technologies for sap /cBy Arvind Nagpal and John Pitlak. a2nd ed. aNew Delhi :bPHI Learning Pvt Ltd ,c2002. axxxvi,764 p.;bPBc25 cm. aIntroduction to SAP EDI architecture aOutbound EDI process aInbound EDI process aPitlak, John.